Po upravenej ceste sa ľahšie beží

Názory vlády a podnikateľov na stav podnikateľského prostredia sú si blízke. Slovenská obchodná a priemyselná komora (SOPK) koncom roka 2005 zorganizovala anketu o tom, čo očakáva podnikateľská sféra od vývoja slovenskej ekonomiky a podnikateľského prostredia. Postupné zlepšovanie podnikateľského pr...

Full description

Saved in:
Bibliographic Details
Main Author: Vlčko, Ján
Format: Book Chapter
Language:Slovak
Subjects:
Tags: Add Tag
No Tags, Be the first to tag this record!

MARC

LEADER 00000naa$a2200000$$$4500
001 0040293
005 20231016084959.6
041 0 |a slo 
044 |a SK 
245 1 0 |a Po upravenej ceste sa ľahšie beží  |c Ján Vlčko 
520 |a Názory vlády a podnikateľov na stav podnikateľského prostredia sú si blízke. Slovenská obchodná a priemyselná komora (SOPK) koncom roka 2005 zorganizovala anketu o tom, čo očakáva podnikateľská sféra od vývoja slovenskej ekonomiky a podnikateľského prostredia. Postupné zlepšovanie podnikateľského prostredia. Nevýhoda - časté zmeny v legislatíve. Hodnotenie reforiem. Na základe analýz ekonomického prostredia SR a posúdení skúseností niektorých krajín EÚ, SOPK odporúča šesť zásadných opatrení. 
610 2 0 |a vývoj hospodársky 
610 2 0 |a situácia hospodárska 
610 2 0 |a prostredie podnikateľské 
610 2 0 |a reformy 
610 2 0 |a legislatíva 
610 2 0 |a riziko podnikateľské 
610 2 0 |a opatrenia 
610 2 0 |a ankety 
610 2 0 |a Slovensko 
100 1 |a Vlčko, Ján